Roma, guión de occidente (Registro nro. 85528)

Detalles MARC
000 -ENCABEZADO
Número de control [NR] 00813nam a22002177a 4500
008 - DE LONGITUD FIJA DE DATOS DE ELEMENTOS - INFORMACIÓN GENERAL
Elementos de longitud fija [NR] 130821s1945 ck gr spa
040 ## - FUENTE DE CATALOGACION [NR]
Agencia de catalogación original [NR] Co-BoUCM
Idioma de catalogación [NR] spa
041 00 - CODIGO DE IDIOMA [R]
Código de idioma para texto/pista de sonido o título separado [R] Español
092 ## - SIGNATURA TOPOGRAFICA LOCAL
Número de clasificación local FM 000039
100 ## - ASIENTO PRINCIPAL--NOMBRE PERSONAL [NR]
Nombre personal [NR] Gonzalez, Francisco José
ID Autoridad 149325
245 00 - MENCION DE TITULO [NR]
Título [NR] Roma, guión de occidente
Mención de responsabilidad, etc. [NR] Francisco José González, prólogo de Monseñor José Vicente Castro Silva
260 ## - PUBLICACION, DISTRIBUCION, ETC. (PIE DE IMPRENTA) [R]
Lugar de publicación, distribución, etc. [R] Bogotá (Colombia)
Nombre del editor, distribuidor, etc. [R] Editorial Pax
Fecha de publicación, distribución, etc. [R] 1945
300 ## - DESCRIPCION FISICA [R]
Extensión [R] xi, 198 páginas
500 ## - NOTA GENERAL [R]
Nota general [NR] Incluye bibliografía e índice. -- Este libro se encuentra en el depósito de la biblioteca
650 04 - ASIENTO SECUNDARIO DE MATERIA - TERMINO TEMATICO [R]
Término temático o nombre geográfico como elemento de entrada [NR] Cristianismo
Subdivisión general [R] Historia
9 (RLIN) 56079
650 04 - ASIENTO SECUNDARIO DE MATERIA - TERMINO TEMATICO [R]
Término temático o nombre geográfico como elemento de entrada [NR] Historia
9 (RLIN) 7695
651 ## - ASIENTO SECUNDARIO DE MATERIA - NOMBRE GEOGRAFICO [R]
Nombre geográfico [NR] Roma (Italia)
9 (RLIN) 27287
651 ## - ASIENTO SECUNDARIO DE MATERIA - NOMBRE GEOGRAFICO [R]
Nombre geográfico [NR] Roma (Italia)
Subdivisión general [R] Historia
9 (RLIN) 26698
700 ## - ASIENTO SECUNDARIO - NOMBRE PERSONAL [R]
Nombre personal [NR] Castro Silva, José Vicente, Próloguista
9 (RLIN) 149326
942 ## - ELEMENTOS DE ENTRADA AGREGADOS (KOHA)
Tipo de ítem principal el descrito en 300a Libro
Tema principal [No clasificado]
Edición 1
Título oculto en OPAC No
Existencias
Signatura topográfica Código de barras Última vez visto Volúmen / Fascículo Ejemplar Price effective from Tipo de ítem Perdido Sistema de clasificación Dañado No prestable Tipo de ítem específico Suprimido Ubicación habitual Ubicación actual Localización Fecha de creación Forma de adquisición Costo
~ 120054606 12/07/2012 FM 000039 Ej.1 03/02/2013 Libro   LOCAL     Fondos especiales     Archivo Histórico Archivo histórico 28/02/2003 Donación 10000.00